[Event "Barcelona Sant Marti op-B 4th"]
[Site "Barcelona"]
[Date "2015.02.26"]
[Round "7"]
[White "Rastrollo Valverde, Lluis"]
[Black "Falomir Ballega, Sergi"]
[Result "0-1"]
[WhiteElo "1830"]
[BlackElo "1894"]
[PlyCount "53"]
[EventDate "2015.01.15"]
[EventType "swiss"]
[EventRounds "9"]
[EventCountry "ESP"]
[SourceTitle "EXT 2016"]
[Source "ChessBase"]
[SourceDate "2015.10.08"]
[SourceVersion "1"]
[SourceVersionDate "2015.10.08"]
[SourceQuality "1"]

1. d4 d5 2. Nf3 c6 3. Bf4 e6 4. Nbd2 f5 5. e3 Nf6 6. c4 Bd6 7. Ne5 0-0 8. h3 Ne4 9. a3 Qe7 10. c5 Bxe5 11. Bxe5 Nd7 12. Bh2 e5 13. Nf3 exd4 14. Qxd4 Ndxc5 15. Rd1 f4 16. Be2 fxe3 17. fxe3 Rxf3 18. Bxf3 Qh4+ 19. g3 Qxh3 20. Qe5 Bf5 21. Qf4 g5 22. Qe5 Rf8 23. Bg1 Qxg3+ 24. Qxg3 Nxg3 25. Rh6 Bc2 26. Kf2 Bxd1 27. Kxg3 0-1